banner-ar

رجال وفيران / (Record no. 41070)

MARC details
000 -الفاتح
حقل البيانات ثابتة الطول 00557nam a2200205Ia 4500
008 - عناصر البيانات ثابتة الطول - معلومات عامة
حقل البيانات ثابتة الطول 140319s9999 xx 000 0 ara d
040 ## - مصدر الفهرسة
وكالة الفهرسة الأصلية GCL /
وكالة النسخ GCL
082 04 - رقم تصنيف ديوى العشرى
رقم التصنيف 812.043
رقم المادة ش ر
100 1# - المدخل الرئيسى - إسم شخصى
الإسم الشخصى عبدالمنعم الحفنى
245 10 - بيان العنوان
العنوان رجال وفيران /
بيان المسئوليه,etc عبدالمنعم الحفنى
700 1# - المدخل الاضافى - اسم شخصى
الإسم الشخصى شتاينبيك، جون
300 ## - الوصف المادى
التعداد 103
490 ## - بيان السلسلة
عنوان السلسلة كتب ثقافية
رقم المجلد/ التعيين التسلسلي 0
650 04 - المدخل الاضافى بالموضوع-مصطلح موضوعى
مصطلح موضوعي الادب العربى
650 04 - المدخل الاضافى بالموضوع-مصطلح موضوعى
مصطلح موضوعي الادب
650 04 - المدخل الاضافى بالموضوع-مصطلح موضوعى
مصطلح موضوعي المسرح
650 04 - المدخل الاضافى بالموضوع-مصطلح موضوعى
مصطلح موضوعي الدراما
942 ## - عناصر المدخل الإضافي( كوها)
مصدر التصنيف او مخطط الترفيف Dewey Decimal Classification
Koha [default] item type كتاب
Holdings
حالة التراجع حالة الفقد حالة تلف ليس للاعارة المكان المؤقت الموقع الحالى تاريخ الاكتساب اجمالي اﻻعارات رقم الطلب الباركود تاريخ اخر مشاهدة تاريخ تفعيل السعر نوع وعاء كوها
        مكتبة القاهرة الكبرى مكتبة القاهرة الكبرى 03/26/2014   812.043\ش ر 99053 03/26/2014 03/26/2014 كتاب

Powered By

EGPV